Operations Management / Instructor's Manual by Andy Neely (Record no. 2072)
[ view plain ]
| 000 -LEADER | |
|---|---|
| fixed length control field | 01081cam a22002174a 4500 |
| 005 - ΗΜΕΡΟΜΗΝΙΑ ΚΑΙ ΩΡΑ ΤΕΛΕΥΤΑΙΑΣ ΕΝΗΜΕΡΩΣΗΣ | |
| Πεδίο ελέγχου | 20250605164030.0 |
| 008 - FIXED-LENGTH DATA ELEMENTS--GENERAL INFORMATION | |
| Πεδίο ελέγχου σταθερού μήκους | 250528s ||||||||||||||||||||||||d |
| 035 ## - SYSTEM CONTROL NUMBER | |
| System control number | 16588 |
| 020 ## - ISBN | |
| ISBN | 273615564 |
| 040 ## - ΠΗΓΗ ΚΑΤΑΛΟΓΟΓΡΑΦΗΣΗΣ | |
| Φορέας πρωτότυπης καταλογογράφησης | MC Athens Campus Library |
| Γλώσσα καταλογογράφησης | Ελληνικά, Μοντέρνα (1453-) |
| Modifying agency | MC Athens Campus Library |
| Κανόνες περιγραφικής καταλογογράφησης | AACR2 |
| 245 1# - ΤΙΤΛΟΣ ΚΑΙ ΔΗΛΩΣΗ ΥΠΕΥΘΥΝΟΤΗΤΑΣ | |
| Τίτλος | Operations Management / Instructor's Manual by Andy Neely |
| 250 ## - EDITION STATEMENT | |
| Edition statement | 1st |
| 260 ## - PUBLICATION, DISTRIBUTION, ETC. | |
| Name of publisher, distributor, etc. | Pitman Publishing, |
| Date of publication, distribution, etc. | 1995 |
| 300 ## - PHYSICAL DESCRIPTION | |
| Extent | 274 |
| 505 0# - FORMATTED CONTENTS NOTE | |
| Formatted contents note | Preface, Acknowledgements, Operations Strategy, The design of Products and Services, Layout and Flow, Job Design and Work Organization, Capacity Planning and Control, Supply Chain Planning and Control, Project Planning and Control, Operations Improvement, Total Quality Management. |
| 520 ## - SUMMARY, ETC. | |
| Summary, etc. | Preface, Acknowledgements, Operations Strategy, The design of Products and Services, Layout and Flow, Job Design and Work Organization, Capacity Planning and Control, Supply Chain Planning and Control, Project Planning and Control, Operations Improvement, Total Quality Management. |
| 700 1# - ΠΡΟΣΘΕΤΗ ΑΝΑΓΡΑΦΗ--ΦΥΣΙΚΟ ΠΡΟΣΩΠΟ | |
| Personal name | Neely Andrew |
| 9 (RLIN) | 2678 |
| 942 ## - ADDED ENTRY ELEMENTS (KOHA) | |
| Koha item type | Books |
| Τύπος τεκμηρίου | Βιβλιοθήκη | Τρέχουσα τοποθεσία | Barcode | Αριθμός εισαγωγής | Ημερομηνία απόκτησης | Ταξιθετικό σύμβολο | Αριθμός αντιτύπου | Κατάσταση απόσυρσης | Κατάσταση χαμένου | Κατάσταση κατεστραμμένου | Μη δανεισμός | Σύνολο δανεισμών | Ημερομηνία τελευταίας εμφάνισης | Η τιμή ισχύει από |
|---|---|---|---|---|---|---|---|---|---|---|---|---|---|---|
| Books | MC Athens Campus Library | MC Athens Campus Library | 9780000020710 | 4294 | 05/06/2025 | 658.5 NEE | 1 | 05/06/2025 | 05/06/2025 |